000 01028cab a2200205 4500
001 ##L134006
008 060629n2006 000 0 eng u
035 _a(Sirsi) u134006
041 0 _aeng
110 2 _aCouncil of Mortgage Lenders
_95903
245 0 0 _aMay lending is the second highest on record
260 _c2006
490 0 _aCML Press Release
_v20 June 2006
520 _aGross mortgage lending reached £28.7bn in May, 18% higher than in April and nearly 30% higher than in May 2005. It was the strongest May figure on record, only 0.55 below the single month record set in July 2004 (£28.9bn). There are currently 11.6m mortgages in the UK with loans worth around £1trillion.
590 _aIKA040706
651 4 _aUnited Kingdom
_y
690 _aPROPERTY-RESIDENTIAL PROPERTY-RESIDENTIAL PROPERTY FINANCE AND INVESTMENT-MORTGAGING RESIDENTIAL PROPERTY
856 4 0 _uhttps://www.cml.org.uk/cml/media/press/816
_zView the press release and gross lending table free of charge at www.cml.org.uk...
942 _n0
999 _c77316
_d77316